| 000 | 00567nam a2200217Ia 4500 | ||
|---|---|---|---|
| 001 | 12625 | ||
| 003 | GE_BSU | ||
| 008 | 181216s||||||||xx |||||||||||||| ||und|| | ||
| 040 | _cGE_BSU | ||
| 080 | _a635 | ||
| 245 | _aОвощеводство в теплицах | ||
| 245 | _cРед.В.Е.Савздарг | ||
| 250 | _aизд. 2 | ||
| 260 | _aМосква | ||
| 260 | _bСельхозгиз | ||
| 260 | _c1954 | ||
| 300 | _a484стр.илл.21см. | ||
| 300 | _eТаблица с.281 | ||
| 653 | _aОвощеводство в теплицах | ||
| 942 | _cBK | ||
| 999 |
_c45797 _d45797 |
||